00325nam a22001097a 4500082001800000100002900018245008200047260005900129300001200188563000700200650000800207 a342.7302bNYA aNyazee, Imran Ahsan Khan aThe Constitutional of The United States of America /cImran Ahsan Khan Nyazee aIslamabad :b Advanced Legal Studies Institute,c2017. a267p. ; aPB aLaw